00257nam a2200097Ia 4500008004100000245003400041260000900075300003000084440002400114650002100138180117s9999 xx 000 0 und d aThis Week in Arts and Culture c2017 a24-25 pages, 2017 July 23 aPhilippine Panorama aARTS AND CULTURE